00682nam a2200229 a 450000100060000000300090000600800410001502000180005604000280007404100080010210000230011024500720013325000150020526000310022030000270025165000340027865000230031265000390033565000240037465100310039870000230042924403CO-ViMGA141112s2004 ck r 000 u spa d a9789588445274 aCO-ViMGAbspacCO-ViMGA aSPA1 aRodríguez, Idana10aCosas azules / ctexto, ilustraciones y diseño Idana Rodríguez a1a reimpr. aMaracay : bPlayco, c2004 a14 p. : il. col. : il.14aCOLORES - LIBROS DE IMAGENES 14aDESDE LOS 6 MESES 14aLEER ES MI CUENTO - COLECCION 201114aLIBROS DE IMAGENES  aBEBES - LIBROS DE IMAGENES1 aRodríguez, Idana